00321nam a2200133Ia 4500008004100000020001500041041001200056082001600068100002200084245003400106260002700140300000800167650001200175221030s9999 xx 000 0 und d a8124201730 aEnglish a105.23bPre aP. N. Chitralekha 0aLakshmicby P. N. Chitralekha bCrest PubaDelhic2001 a124 aGeneral